Normal view
MARC view
Entry Personal Name
001 - CONTROL NUMBER
- control field: 79535
003 - CONTROL NUMBER IDENTIFIER
- control field: dpl
005 - DATE AND TIME OF LATEST TRANSACTION
- control field: 20250311142747.0
008 - FIXED-LENGTH DATA ELEMENTS
- fixed length control field: 250311|| aca||aabn | a|a d
040 ## - CATALOGING SOURCE
- Original cataloging agency: dpl
- Transcribing agency: dpl
100 ## - HEADING--PERSONAL NAME
- Personal name: Bagli,Supravat
670 ## - SOURCE DATA FOUND
- Source citation: Work cat.: (dpl)210244: Bagli,Supravat, Group Centric Microfinance for Financial Inclusion:, 2016
